<?xml version="1.0" encoding="UTF-8"?><?xml-stylesheet type="text/xsl" href="static/style.xsl"?><OAI-PMH xmlns="http://www.openarchives.org/OAI/2.0/" xmlns:xsi="http://www.w3.org/2001/XMLSchema-instance" xsi:schemaLocation="http://www.openarchives.org/OAI/2.0/ http://www.openarchives.org/OAI/2.0/OAI-PMH.xsd"><responseDate>2026-06-07T13:53:15Z</responseDate><request verb="GetRecord" identifier="oai:docta.ucm.es:20.500.14352/126364" metadataPrefix="marc">https://docta.ucm.es/rest/oai/request</request><GetRecord><record><header><identifier>oai:docta.ucm.es:20.500.14352/126364</identifier><datestamp>2025-11-25T00:58:38Z</datestamp><setSpec>com_20.500.14352_14</setSpec><setSpec>col_20.500.14352_15</setSpec></header><metadata><record xmlns="http://www.loc.gov/MARC21/slim" xmlns:dcterms="http://purl.org/dc/terms/" xmlns:xsi="http://www.w3.org/2001/XMLSchema-instance" xmlns:doc="http://www.lyncode.com/xoai" xsi:schemaLocation="http://www.loc.gov/MARC21/slim http://www.loc.gov/standards/marcxml/schema/MARC21slim.xsd">
   <leader>00925njm 22002777a 4500</leader>
   <datafield ind2=" " ind1=" " tag="042">
      <subfield code="a">dc</subfield>
   </datafield>
   <datafield ind2=" " ind1=" " tag="720">
      <subfield code="a">Urquía Grande, María Elena</subfield>
      <subfield code="e">author</subfield>
   </datafield>
   <datafield ind2=" " ind1=" " tag="720">
      <subfield code="a">Lorain, Marie Anne Francoise Gabrielle</subfield>
      <subfield code="e">author</subfield>
   </datafield>
   <datafield ind2=" " ind1=" " tag="720">
      <subfield code="a">Ilmari Rautiainen, Antti</subfield>
      <subfield code="e">author</subfield>
   </datafield>
   <datafield ind2=" " ind1=" " tag="720">
      <subfield code="a">Cano Montero, Elisa Isabel</subfield>
      <subfield code="e">author</subfield>
   </datafield>
   <datafield ind2=" " ind1=" " tag="260">
      <subfield code="c">2021-08-01</subfield>
   </datafield>
   <datafield ind2=" " ind1=" " tag="520">
      <subfield code="a">The analysis of performance of Not-for-profit organisations (NPOs) is difficult because there are several objectives and perspectives to NPO performance and accountability, especially if considered sustainably and in long term. This suggests that performance analysis and measurement of NPOs might also involve multiple perspectives, such as in Balanced Scorecard (BSC) or in the Logical Framework (LF) models. This article is a case study of analysing the sustainable development and performance of an NPO in rural Ethiopia. We propose the Logic Balanced Scorecard (LBSC) model that combines elements of BSC and LF. This proposal was preliminarily used and tested in a five-year interventionist accounting case study among eight villages in rural Ethiopia. Advances in performance measurement may help improving the socioeconomic, agricultural and nutritional situation in the area. Further, an improved analysis of performance, sustainability and accountability of NPOs may make development projects easier to plan, follow and assess.</subfield>
   </datafield>
   <datafield ind1="8" ind2=" " tag="024">
      <subfield code="a">Urquía-Grande, E., Lorain, M.-A., Rautiainen, A. I., &amp; Cano-Montero, E. I. (2021). Balance with logic-measuring the performance and sustainable development efforts of an NPO in rural Ethiopia. Evaluation and Program Planning, 87, 101944. https://doi.org/10.1016/j.evalprogplan.2021.101944</subfield>
   </datafield>
   <datafield ind1="8" ind2=" " tag="024">
      <subfield code="a">0149-7189</subfield>
   </datafield>
   <datafield ind1="8" ind2=" " tag="024">
      <subfield code="a">10.1016/j.evalprogplan.2021.101944</subfield>
   </datafield>
   <datafield ind1="8" ind2=" " tag="024">
      <subfield code="a">https://hdl.handle.net/20.500.14352/126364</subfield>
   </datafield>
   <datafield ind1="8" ind2=" " tag="024">
      <subfield code="a">https://doi.org/10.1016/j.evalprogplan.2021.101944</subfield>
   </datafield>
   <datafield ind2="0" ind1="0" tag="245">
      <subfield code="a">Balance with logic-measuring the performance and sustainable development efforts of an NPO in rural Ethiopia</subfield>
   </datafield>
</record></metadata></record></GetRecord></OAI-PMH>